| 000 | 00438nab a2200145Ia 4500 | ||
|---|---|---|---|
| 003 | ES-SlBCS | ||
| 005 | 20210601125229.0 | ||
| 008 | 140529s1971 xxu||||| |||| 00| 0 eng d | ||
| 041 | _aeng | ||
| 100 | 1 |
_aKrishna, Daya _9155575 |
|
| 245 | 0 | 0 |
_aReply to Professor Sogani _c Daya Krishna |
| 650 | 0 | 4 |
_aValores Contemplativos _9155576 |
| 773 | 0 |
_tPhilosophy and Phenomenological Research _gvol. 32, 1971, págs. 267-268 _wRev1411 |
|
| 942 | _cAR | ||
| 999 |
_c526892 _d526892 |
||